Loading...

Kanatha sulthanu snehapoorvam /

Bibliographic Details
Main Author: Balachandra Menon
Language:Undetermined
Published: Kottauam : Current Books , 1999.
Subjects:
LEADER 00555nam a2200169Ia 4500
001 137218
008 170722s9999 xx 000 0 und d
020 |a 8124007411 
100 |a Balachandra Menon 
245 |a Kanatha sulthanu snehapoorvam / 
260 |a Kottauam :  |b Current Books ,  |c 1999. 
300 |a 126 p. 
653 |a Malayalam Essays 
923 |d 20031212  |n 410-412 
942 |c GEN 
999 |c 127993  |d 127993 
952 |0 0  |1 0  |4 0  |6 O_326NBA53X_N93  |7 0  |9 180998  |a LIB  |b LIB  |d 2013-03-25  |e CBS  |l 1  |o O32,6NBA53x N9;3  |p 251768  |r 2019-05-04  |s 2019-04-30  |v 50.00  |w 2017-08-12  |y GEN